Los huicholes en la historia (Record no. 64725)
[ view plain ]
| 000 -LEADER | |
|---|---|
| fixed length control field | 00662cam a2200193 4500 |
| 005 - DATE AND TIME OF LATEST TRANSACTION | |
| control field | 20230918120313.0 |
| 008 - FIXED-LENGTH DATA ELEMENTS--GENERAL INFORMATION | |
| fixed length control field | | mx a 00| 0 spa|d |
| 020 ## - INTERNATIONAL STANDARD BOOK NUMBER | |
| International Standard Book Number | 9686029303 |
| 050 04 - LIBRARY OF CONGRESS CALL NUMBER | |
| Classification number | F1221.H9 |
| Item number | R65 1993 |
| 100 1# - MAIN ENTRY--PERSONAL NAME | |
| Personal name | Rojas, Beatriz |
| 245 14 - TITLE STATEMENT | |
| Title | Los huicholes en la historia |
| Statement of responsibility, etc | / Beatriz Rojas |
| 250 ## - EDITION STATEMENT | |
| Edition statement | 1a ed. |
| 260 ## - PUBLICATION, DISTRIBUTION, ETC. (IMPRINT) | |
| Place of publication, distribution, etc | México : |
| Name of publisher, distributor, etc | Centro de Estudios Mexicanos y Centroaméricanos : |
| -- | Colegio de Michoacán, |
| Date of publication, distribution, etc | 1993 |
| 300 ## - PHYSICAL DESCRIPTION | |
| Extent | 222 p. : |
| Other physical details | il. ; |
| Dimensions | 22 cm. |
| 504 ## - BIBLIOGRAPHY, ETC. NOTE | |
| Bibliography, etc | Incluye bibliografía : p. 205-210 e índeces |
| 650 #7 - SUBJECT ADDED ENTRY--TOPICAL TERM | |
| Source of heading or term | lemb |
| Topical term or geographic name as entry element | Huicholes |
| General subdivision | Historia |
| 710 2# - ADDED ENTRY--CORPORATE NAME | |
| Corporate name or jurisdiction name as entry element | Centro de Estudios Mexicanos y Centroaméricanos |
| 942 ## - ADDED ENTRY ELEMENTS (KOHA) | |
| Source of classification or shelving scheme | Biblioteca del Cogreso de los Estados Unidos |
| Koha item type | Libro |
| Estado de pérdida | Fuente de clasificación | Estado del daño | No para préstamo | Ubicación permanente | Ubicación actual | Apartado o colección | Fecha de adquisición | Fuente de adquisición | Edición | Enumeración de Serie / Cronológica | Dependencia de educación superior (DES) | Área del conocimiento | Clasificación | Código de Barras | Date last seen | Número de copia | Costo por reposición | Tipo de recurso |
|---|---|---|---|---|---|---|---|---|---|---|---|---|---|---|---|---|---|---|
| Biblioteca del Cogreso de los Estados Unidos | Uso interno Biblioteca | Biblioteca de la Facultad de Economía | Biblioteca de la Facultad de Economía | General | 12/09/2023 | Unidad Académica | 1a ed. | Ciencias Económico Administrativas | Ciencias Sociales y Administrativas | F1221.H9 R65 1993 | BFE000010170 | 06/04/2016 | 1 | 1.00 | Libro | |||
| Biblioteca del Cogreso de los Estados Unidos | Biblioteca de la Facultad de Economía | Biblioteca de la Facultad de Economía | General | 12/09/2023 | Unidad Académica | 1a ed. | Ciencias Económico Administrativas | Ciencias Sociales y Administrativas | F1221.H9 R65 1993 | BFE000010171 | 06/04/2016 | 2 | 1.00 | Libro | ||||
| Biblioteca del Cogreso de los Estados Unidos | Biblioteca del Instituto de Investigaciones Históricas | Biblioteca del Instituto de Investigaciones Históricas | General | 17/10/2018 | 1a ed. | Humanidades | Ciencias Sociales y Administrativas | F1221.H9 R65 1993 | IIH000015432 | 26/05/2017 | C:1 | Libro |